[Event "POR-chT"]
[Site "Ovar"]
[Date "2022.07.21"]
[Round "8.5"]
[White "Kuzubov, Yuriy"]
[Black "Dionizio, Andre Filipe Nascim"]
[Result "1-0"]
[WhiteElo "2642"]
[BlackElo "2018"]
[PlyCount "68"]
[EventDate "2022.07.16"]
[EventType "team-tourn"]
[EventRounds "9"]
[EventCountry "POR"]
[SourceTitle "CBM 209 Extra"]
[Source "ChessBase"]
[SourceDate "2022.09.30"]
[SourceVersion "1"]
[SourceVersionDate "2022.09.30"]
[SourceQuality "1"]
[WhiteTeam "Gaia"]
[BlackTeam "Coimbra"]
[WhiteTeamCountry "POR"]
[BlackTeamCountry "POR"]

1. d4 Nf6 2. c4 e6 3. Nf3 d5 4. Nc3 Be7 5. Bg5 c6 6. e3 Nbd7 7. Qc2 0-0 8. Rd1 b6 9. cxd5 cxd5 10. Bd3 Bb7 11. 0-0 a6 12. Rc1 Rc8 13. Qb1 b5 14. Ne2 h6 15. Rxc8 Qxc8 16. Bh4 Bd6 17. Bg3 Qb8 18. Nd2 Rc8 19. Rc1 Bxg3 20. hxg3 b4 21. Nb3 Rxc1+ 22. Qxc1 Qd8 23. Nc5 Qc8 24. Nxb7 Qxb7 25. Qc2 Ne8 26. Qa4 Nd6 27. Qxa6 Qxa6 28. Bxa6 Nb8 29. Bd3 Nc6 30. Kf1 Kf8 31. Nc1 Na5 32. Bc2 Ndc4 33. Nd3 Ke7 34. b3 Na3 1-0

[Event "POR-chT"]
[Site "Ovar"]
[Date "2022.07.19"]
[Round "6.5"]
[White "Dionizio, Andre Filipe Nascim"]
[Black "Dias, Paulo Jorge Guimara"]
[Result "0-1"]
[WhiteElo "2018"]
[BlackElo "2348"]
[PlyCount "74"]
[EventDate "2022.07.16"]
[EventType "team-tourn"]
[EventRounds "9"]
[EventCountry "POR"]
[SourceTitle "CBM 209 Extra"]
[Source "ChessBase"]
[SourceDate "2022.09.30"]
[SourceVersion "1"]
[SourceVersionDate "2022.09.30"]
[SourceQuality "1"]
[WhiteTeam "Coimbra"]
[BlackTeam "Montemor o Novo"]
[WhiteTeamCountry "POR"]
[BlackTeamCountry "POR"]

1. d4 Nf6 2. Nf3 d5 3. Bf4 e6 4. e3 Bd6 5. Bg3 0-0 6. Bd3 b6 7. 0-0 Bb7 8. Nbd2 Ne4 9. c4 Nd7 10. Bxd6 cxd6 11. cxd5 exd5 12. Qb3 Ndf6 13. Rfc1 Ng4 14. Rf1 Kh8 15. h3 Nh6 16. a4 g5 17. a5 f5 18. a6 Bc6 19. Rac1 Rc8 20. Rxc6 Rxc6 21. Qxd5 Nxd2 22. Nxd2 Rc7 23. e4 g4 24. hxg4 fxg4 25. Qh5 Qf6 26. e5 dxe5 27. dxe5 Qf4 28. Nc4 g3 29. fxg3 Qd4+ 30. Kh1 Rxf1+ 31. Bxf1 Qf2 32. Bd3 Rg7 33. Qf3 Qe1+ 34. Bf1 Rf7 35. Qa8+ Kg7 36. Nd2 Qxd2 37. Bc4 Qc1+ 0-1

[Event "POR-chT"]
[Site "Ovar"]
[Date "2022.07.17"]
[Round "3.3"]
[White "Margarido, Jose Miguel Teixeir"]
[Black "Dionizio, Andre Filipe Nascim"]
[Result "0-1"]
[WhiteElo "2150"]
[BlackElo "2018"]
[PlyCount "132"]
[EventDate "2022.07.16"]
[EventType "team-tourn"]
[EventRounds "9"]
[EventCountry "POR"]
[SourceTitle "CBM 209 Extra"]
[Source "ChessBase"]
[SourceDate "2022.09.30"]
[SourceVersion "1"]
[SourceVersionDate "2022.09.30"]
[SourceQuality "1"]
[WhiteTeam "EPGaia"]
[BlackTeam "Coimbra"]
[WhiteTeamCountry "POR"]
[BlackTeamCountry "POR"]

1. d4 Nf6 2. c4 g6 3. Nc3 Bg7 4. e4 d6 5. Nf3 0-0 6. Be2 e5 7. Be3 Nc6 8. d5 Ne7 9. Nd2 Ne8 10. c5 f5 11. f3 a6 12. Nc4 dxc5 13. Bxc5 b6 14. Be3 Nd6 15. Qb3 Kh8 16. Nxd6 Qxd6 17. Rc1 Bd7 18. a4 Rfc8 19. 0-0 c5 20. Rfd1 f4 21. Bf2 g5 22. Rd2 h5 23. Rdc2 Qg6 24. Nb1 a5 25. Bb5 Rd8 26. Bxd7 Rxd7 27. Na3 Rg8 28. Nc4 Nc8 29. d6 g4 30. Kh1 Bf6 31. Bg1 gxf3 32. Qxf3 Rxd6 33. Nxd6 Nxd6 34. Re1 Nf7 35. Rd2 Bh4 36. Red1 Ng5 37. Qe2 Nxe4 38. Qf3 Nxd2 39. Rxd2 Rd8 40. Rxd8+ Bxd8 41. Qd5 Qf6 42. Bf2 Be7 43. h3 Kg7 44. Kh2 Qd6 45. Qe4 Bf6 46. Be1 Qe7 47. Bc3 h4 48. Qf5 Kf7 49. Qh7+ Ke8 50. Qg8+ Kd7 51. Qd5+ Qd6 52. Qb7+ Ke6 53. Qc8+ Kd5 54. Qg8+ Ke4 55. Qc4+ Kf5 56. Qe2 Ke6 57. Qg4+ Kd5 58. Qg8+ Qe6 59. Qg6 c4 60. Qc2 e4 61. Qd2+ Kc5 62. Qf2+ e3 63. Qxf4 Bxc3 64. bxc3 e2 65. Qf2+ Kc6 66. Qf3+ Kc7 0-1

[Event "POR-chT2 final"]
[Site "Evora"]
[Date "2019.07.20"]
[Round "1.1"]
[White "Pipiras, Filipa Fortuna"]
[Black "Dionizio, Andre Filipe Nascim"]
[Result "1/2-1/2"]
[WhiteElo "1980"]
[BlackElo "2023"]
[PlyCount "62"]
[EventDate "2019.07.20"]
[EventType "team-tourn"]
[EventRounds "3"]
[EventCountry "POR"]
[SourceTitle "CBM 192 Extra"]
[Source "Chessbase"]
[SourceDate "2019.11.06"]
[SourceVersion "1"]
[SourceVersionDate "2019.11.06"]
[SourceQuality "1"]
[WhiteTeam "Dias Ferreira II"]
[BlackTeam "Coimbra II"]
[WhiteTeamCountry "POR"]
[BlackTeamCountry "POR"]

1. d4 Nf6 2. c4 e6 3. Nc3 d5 4. cxd5 exd5 5. Bg5 Be7 6. e3 h6 7. Bh4 0-0 8. Bd3 b6 9. Nge2 Bb7 10. 0-0 Nbd7 11. Rc1 c5 12. dxc5 bxc5 13. b3 Qa5 14. h3 Ne5 15. Bc2 Rad8 16. Bg3 Nc6 17. Nf4 Nb4 18. Nd3 Ne4 19. Ne2 Nxg3 20. Nxg3 Nxa2 21. Rb1 Bf6 22. Qf3 Nc3 23. Rbc1 Qb6 24. Nh5 Rd6 25. Ndf4 Ne4 26. Nxd5 Bxd5 27. Bxe4 Bxe4 28. Nxf6+ Rxf6 29. Qxe4 Qxb3 30. Rxc5 Re6 31. Qd4 Qb6 1/2-1/2

[Event "POR CupT Associations"]
[Site "Luso"]
[Date "2018.10.21"]
[Round "3.1"]
[White "Constantino, Paulo Jorge R"]
[Black "Dionizio, Andre Filipe Nascim"]
[Result "0-1"]
[WhiteElo "1531"]
[BlackElo "2013"]
[PlyCount "46"]
[EventDate "2018.10.20"]
[EventType "team-tourn"]
[EventRounds "3"]
[EventCountry "POR"]
[SourceTitle "EXT 2024"]
[Source "ChessBase"]
[SourceDate "2023.10.10"]
[SourceVersion "1"]
[SourceVersionDate "2023.10.10"]
[SourceQuality "1"]
[WhiteTeam "Bombarral"]
[BlackTeam "Coimbra"]
[WhiteTeamCountry "POR"]
[BlackTeamCountry "POR"]

1. Nf3 g6 2. e4 Bg7 3. d4 d6 4. Be3 Nf6 5. Nc3 Nbd7 6. h3 0-0 7. Qd2 a6 8. Be2 b5 9. b4 Bb7 10. a4 bxa4 11. Bd3 c5 12. bxc5 dxc5 13. e5 cxd4 14. Bxd4 Bxf3 15. gxf3 Ne8 16. Qe3 Nc7 17. Rxa4 Ne6 18. f4 Nxd4 19. Qxd4 a5 20. Be4 Rc8 21. Rc4 Nxe5 22. Qxd8 Rfxd8 23. Rxc8 Rxc8 0-1

[Event "Wch U20 57th"]
[Site "Manavgat"]
[Date "2018.09.07"]
[Round "3"]
[White "Dionizio, Andre Filipe Nascim"]
[Black "Kilic, Efe Mert"]
[Result "0-1"]
[WhiteElo "2010"]
[BlackElo "2269"]
[PlyCount "116"]
[EventDate "2018.09.05"]
[EventType "swiss"]
[EventRounds "11"]
[EventCountry "TUR"]
[SourceTitle "CBM 186 Extra"]
[Source "ChessBase"]
[SourceDate "2018.08.24"]
[SourceVersion "1"]
[SourceVersionDate "2018.08.24"]
[SourceQuality "1"]

1. e4 e5 2. Nf3 Nc6 3. Bb5 Nge7 4. Nc3 d6 5. d4 exd4 6. Nxd4 Bd7 7. Nxc6 bxc6 8. Bc4 Ng6 9. Be3 Be7 10. Qd2 Ne5 11. Be2 0-0 12. 0-0 Be6 13. f4 Nc4 14. Bxc4 Bxc4 15. Rfe1 Bh4 16. g3 Bf6 17. Rad1 Re8 18. Bd4 Be6 19. Bxf6 Qxf6 20. Qd4 Qh6 21. f5 Bd7 22. Rf1 Re5 23. Rf4 Qf6 24. Qf2 Qd8 25. Qf3 Qb8 26. b3 Qb4 27. h4 Rae8 28. Rd3 Bc8 29. Qf2 Qa5 30. Qd2 f6 31. Kh2 Ba6 32. Rd4 Bb7 33. Ra4 Qb6 34. Qf2 c5 35. b4 cxb4 36. Qxb6 axb6 37. Rxb4 Rc5 38. Rb3 Rc4 39. Kg2 Re5 40. Kf2 Rec5 41. Rf3 Bxe4 42. Nxe4 Rxe4 43. c3 Ra4 44. a3 Rca5 45. Ke3 Rxa3 46. Rxa3 Rxa3 47. Kd4 Ra5 48. c4 h5 49. Ke4 Re5+ 50. Kd4 Kf7 51. Ra3 Rxf5 52. Ra7 Rc5 53. Rb7 Ke6 54. Rb8 Kf5 55. Rg8 g5 56. hxg5 fxg5 57. Re8 Kg4 58. Re3 Rf5 0-1

[Event "Wch U20 57th"]
[Site "Manavgat"]
[Date "2018.09.05"]
[Round "1"]
[White "Dionizio, Andre Filipe Nascim"]
[Black "Baenziger, Fabian"]
[Result "1/2-1/2"]
[WhiteElo "2010"]
[BlackElo "2360"]
[PlyCount "59"]
[EventDate "2018.09.05"]
[EventType "swiss"]
[EventRounds "11"]
[EventCountry "TUR"]
[SourceTitle "CBM 186 Extra"]
[Source "ChessBase"]
[SourceDate "2018.08.24"]
[SourceVersion "1"]
[SourceVersionDate "2018.08.24"]
[SourceQuality "1"]

1. e4 c5 2. Nf3 Nc6 3. d4 cxd4 4. Nxd4 Nf6 5. Nc3 d6 6. Be2 e5 7. Nb3 Be7 8. Be3 0-0 9. 0-0 a5 10. a4 Be6 11. Nd2 d5 12. exd5 Nxd5 13. Nxd5 Qxd5 14. Bc4 Qd7 15. c3 Rad8 16. Qb3 Bxc4 17. Nxc4 Qe6 18. Bb6 Ra8 19. Rad1 Rfc8 20. Qb5 Bf8 21. b3 e4 22. Qd5 Qf6 23. Qxe4 Qxc3 24. Rd3 Qf6 25. Rd7 Re8 26. Qd5 Rab8 27. Bc7 Ra8 28. Bb6 Rab8 29. Bc7 Ra8 30. Bb6 1/2-1/2

[Event "POR-chT2"]
[Site "Maia"]
[Date "2018.07.21"]
[Round "2.1"]
[White "Pereira, Antonio Pedro Caram"]
[Black "Dionizio, Andre Filipe Nascim"]
[Result "1-0"]
[WhiteElo "2091"]
[BlackElo "2029"]
[PlyCount "43"]
[EventDate "2018.07.21"]
[EventType "team-tourn"]
[EventRounds "3"]
[EventCountry "POR"]
[SourceTitle "CBM 185 Extra"]
[Source "ChessBase"]
[SourceDate "2018.07.29"]
[SourceVersion "1"]
[SourceVersionDate "2018.07.29"]
[SourceQuality "1"]
[WhiteTeam "Porto A"]
[BlackTeam "Coimbra"]
[WhiteTeamCountry "POR"]
[BlackTeamCountry "POR"]

1. e4 c6 2. d4 d5 3. e5 Bf5 4. Nf3 e6 5. Be2 c5 6. Be3 Nd7 7. 0-0 Ne7 8. c4 cxd4 9. Nxd4 Bxb1 10. Rxb1 Nxe5 11. Qa4+ Qd7 12. Nb5 N5c6 13. Rbd1 f5 14. Bf4 Kf7 15. Nc7 g5 16. cxd5 exd5 17. Nxd5 gxf4 18. Nxf4 Qc8 19. Qc4+ Kg7 20. Nh5+ Kh6 21. Rd6+ Ng6 22. Qf4# 1-0

[Event "Lisbon Check Mate op 5th"]
[Site "Lisbon"]
[Date "2017.08.26"]
[Round "1"]
[White "Martins, Andre"]
[Black "Dionizio, Andre Filipe Nascim"]
[Result "1-0"]
[WhiteElo "1567"]
[BlackElo "2049"]
[PlyCount "63"]
[EventDate "2017.08.26"]
[EventType "swiss"]
[EventRounds "7"]
[EventCountry "POR"]
[SourceTitle "CBM 180 Extra"]
[Source "ChessBase"]
[SourceDate "2017.10.06"]
[SourceVersion "1"]
[SourceVersionDate "2017.10.06"]
[SourceQuality "1"]

1. Nf3 Nf6 2. g3 g6 3. Bg2 Bg7 4. 0-0 0-0 5. d3 c5 6. e4 Nc6 7. Nbd2 d6 8. Nc4 Nd7 9. c3 b5 10. Ne3 Nde5 11. Nh4 h5 12. f4 Ng4 13. e5 Nxe3 14. Bxe3 Bg4 15. Qb3 Na5 16. Qc2 Rc8 17. h3 Bf5 18. Nxf5 gxf5 19. Qe2 h4 20. gxh4 e6 21. Bf2 dxe5 22. fxe5 f6 23. exf6 Qxf6 24. Kh1 c4 25. d4 Nc6 26. Rae1 Rfe8 27. d5 exd5 28. Bxd5+ Kf8 29. Bc5+ Ne7 30. Rxf5 Rxc5 31. Rxf6+ Bxf6 32. Qe6 1-0

[Event "Coimbra Queima das Fitas op"]
[Site "Coimbra"]
[Date "2017.05.01"]
[Round "7"]
[White "Dionizio, Andre Filipe Nascim"]
[Black "Silva, Ana Ines Teixeira D"]
[Result "1-0"]
[WhiteElo "1914"]
[BlackElo "1771"]
[PlyCount "65"]
[EventDate "2017.04.28"]
[EventType "swiss"]
[EventRounds "7"]
[EventCountry "POR"]
[SourceTitle "CBM 178 Extra"]
[Source "ChessBase"]
[SourceDate "2017.06.22"]
[SourceVersion "1"]
[SourceVersionDate "2017.06.22"]
[SourceQuality "1"]

1. e4 c6 2. Nf3 d5 3. Nc3 Bg4 4. exd5 cxd5 5. d4 Nc6 6. Be2 Nf6 7. Be3 e6 8. h3 Bh5 9. 0-0 a6 10. Ne5 Bxe2 11. Qxe2 Bd6 12. f4 0-0 13. Nd1 Ne4 14. Kh2 Qh4 15. Qf3 Rac8 16. c3 Na5 17. g3 Qe7 18. Nf2 Nxf2 19. Rxf2 f6 20. Nd3 Nc4 21. Re1 Rfe8 22. Bc1 b5 23. f5 Qd7 24. Rfe2 exf5 25. Qxd5+ Kh8 26. Bf4 Rxe2+ 27. Rxe2 Re8 28. Rxe8+ Qxe8 29. Bxd6 Nxd6 30. Qxd6 Qe2+ 31. Kg1 Qd1+ 32. Kg2 Qe2+ 33. Nf2 1-0

[Event "POR-ch U18"]
[Site "Luso"]
[Date "2016.07.23"]
[Round "5"]
[White "Fidalgo, Andre Neves"]
[Black "Dionizio, Andre Filipe Nascim"]
[Result "1-0"]
[WhiteElo "2200"]
[BlackElo "1939"]
[PlyCount "73"]
[EventDate "2016.07.20"]
[EventType "swiss"]
[EventRounds "7"]
[EventCountry "POR"]
[SourceTitle "EXT 2018"]
[Source "ChessBase"]
[SourceDate "2017.10.13"]
[SourceVersion "1"]
[SourceVersionDate "2017.10.13"]
[SourceQuality "1"]

1. d4 Nf6 2. c4 g6 3. Nc3 Bg7 4. e4 d6 5. Nf3 0-0 6. Be2 e5 7. 0-0 Nc6 8. d5 Ne7 9. b4 a5 10. Ba3 axb4 11. Bxb4 Nh5 12. Re1 f5 13. a4 Nf6 14. Ng5 h6 15. Ne6 Bxe6 16. dxe6 Nxe4 17. Nxe4 fxe4 18. Bg4 c5 19. Bc3 Nf5 20. Qd5 Qe7 21. Rab1 Rfb8 22. a5 Ra6 23. Rb2 Nd4 24. Qxe4 h5 25. Bh3 g5 26. Bxd4 cxd4 27. Bf5 Rxa5 28. g4 h4 29. Reb1 d5 30. cxd5 b5 31. Rc2 b4 32. Rbc1 Qb7 33. d6 Qxe4 34. Rc8+ Rxc8 35. Rxc8+ Bf8 36. Bxe4 h3 37. f3 1-0

[Event "POR-ch U18"]
[Site "Luso"]
[Date "2016.07.21"]
[Round "2"]
[White "Dionizio, Andre Filipe Nascim"]
[Black "Goncalves, Goncalo Cravo Jesus"]
[Result "1-0"]
[WhiteElo "1939"]
[BlackElo "1623"]
[PlyCount "119"]
[EventDate "2016.07.20"]
[EventType "swiss"]
[EventRounds "7"]
[EventCountry "POR"]
[SourceTitle "EXT 2018"]
[Source "ChessBase"]
[SourceDate "2017.10.13"]
[SourceVersion "1"]
[SourceVersionDate "2017.10.13"]
[SourceQuality "1"]

1. e4 c5 2. Nf3 Nc6 3. d4 cxd4 4. Nxd4 Nf6 5. Nc3 d6 6. Be2 e6 7. Be3 Be7 8. 0-0 0-0 9. Nb3 a6 10. a4 b6 11. f4 Qc7 12. Bf3 Bb7 13. Qe2 Nd7 14. Nb1 Bf6 15. c3 Nc5 16. Nxc5 bxc5 17. g4 a5 18. Qg2 Be7 19. Na3 Ba6 20. Nb5 Qb6 21. Be2 Na7 22. c4 Nc6 23. Rad1 Rad8 24. g5 Bxb5 25. axb5 Nd4 26. Bf3 f5 27. Bxd4 fxe4 28. Bg4 cxd4 29. Bxe6+ Kh8 30. Qxe4 d5 31. Bxd5 Bc5 32. Bc6 d3+ 33. Kh1 Rd4 34. Qg2 Rdxf4 35. Rxf4 Rxf4 36. Rxd3 Rf2 37. Qh3 Qc7 38. Rd7 Qf4 39. Rd8+ Bf8 40. Rd1 Bd6 41. Bg2 Bc5 42. g6 h6 43. b3 Qf6 44. Qd3 Qb2 45. Qd5 Bf8 46. c5 Qc2 47. Rf1 Rxf1+ 48. Bxf1 Qxc5 49. Qxc5 Bxc5 50. Bc4 Bb6 51. h3 Bc5 52. Kg2 Bb6 53. Kf3 Bc5 54. Ke4 h5 55. Kd5 Ba7 56. Kc6 a4 57. bxa4 h4 58. a5 Be3 59. a6 Bf2 60. Bd3 1-0

[Event "POR-ch U18"]
[Site "Luso"]
[Date "2016.07.21"]
[Round "3"]
[White "Sousa, Joao Filipe Viana D"]
[Black "Dionizio, Andre Filipe Nascim"]
[Result "1/2-1/2"]
[WhiteElo "1572"]
[BlackElo "1939"]
[PlyCount "121"]
[EventDate "2016.07.20"]
[EventType "swiss"]
[EventRounds "7"]
[EventCountry "POR"]
[SourceTitle "EXT 2018"]
[Source "ChessBase"]
[SourceDate "2017.10.13"]
[SourceVersion "1"]
[SourceVersionDate "2017.10.13"]
[SourceQuality "1"]

1. d4 Nf6 2. c4 g6 3. Nc3 Bg7 4. e4 d6 5. Bg5 0-0 6. Nf3 Nbd7 7. Qc2 c5 8. d5 Ng4 9. Be2 a6 10. a4 h6 11. Bh4 Nge5 12. Nxe5 Bxe5 13. Bg3 Bg7 14. 0-0 Qe8 15. f4 f5 16. Bd3 Qf7 17. Rae1 fxe4 18. Bxe4 Bd4+ 19. Bf2 Bxf2+ 20. Rxf2 Kg7 21. Ref1 Nf6 22. Bd3 Ng4 23. Rf3 Bf5 24. h3 Bxd3 25. Qxd3 Nf6 26. f5 g5 27. Ne4 Rab8 28. Nxf6 Qxf6 29. Re1 Rf7 30. b3 Rh8 31. Re6 Qa1+ 32. Kh2 Qb2 33. Qe3 Kf8 34. Rf2 Qa1 35. Re2 Rhh7 36. f6 exf6 37. Rxd6 Qd1 38. Qxc5 Kg7 39. Rde6 Kg6 40. Qe3 Qb1 41. d6 Rd7 42. Re7 Qf5 43. g4 Qf4+ 44. Qxf4 gxf4 45. Rxh7 Rxh7 46. Rd2 Rd7 47. Kg2 f5 48. Kf3 fxg4+ 49. hxg4 Kf6 50. Kxf4 Ke6 51. c5 Rf7+ 52. Ke4 Kd7 53. Rd3 Rg7 54. Kf5 Rg5+ 55. Kf6 Rxc5 56. Kg6 Rg5+ 57. Kxh6 Rxg4 58. Kh5 Re4 59. Kg5 Re6 60. Kf4 Rxd6 61. Ke4 1/2-1/2

[Event "Portugal op"]
[Site "Oeiras"]
[Date "2015.09.01"]
[Round "4"]
[White "Romano, Joao Manuel Pereira"]
[Black "Dionizio, Andre Filipe Nascim"]
[Result "1/2-1/2"]
[WhiteElo "1775"]
[BlackElo "1977"]
[PlyCount "59"]
[EventDate "2015.08.30"]
[EventType "swiss"]
[EventRounds "9"]
[EventCountry "POR"]
[SourceTitle "EXT 2016"]
[Source "ChessBase"]
[SourceDate "2015.10.08"]
[SourceVersion "1"]
[SourceVersionDate "2015.10.08"]
[SourceQuality "1"]

1. e4 c6 2. d4 d5 3. Nc3 dxe4 4. Nxe4 Nf6 5. Nxf6+ exf6 6. Be3 Bd6 7. Bd3 Bf5 8. Nf3 0-0 9. 0-0 Bxd3 10. Qxd3 Qc7 11. c4 Nd7 12. Rfd1 Rad8 13. Rac1 Rfe8 14. Qb3 c5 15. h3 cxd4 16. Nxd4 a6 17. Nf5 Bc5 18. Qc3 Bxe3 19. Nxe3 Nc5 20. Rxd8 Qxd8 21. b4 Ne4 22. Qc2 Qd4 23. Rd1 Qe5 24. c5 g6 25. Nc4 Qf4 26. Nd6 Rd8 27. Nxe4 Rxd1+ 28. Qxd1 Qxe4 29. Qd2 Kg7 30. a3 1/2-1/2

[Event "POR-ch U16"]
[Site "Luso"]
[Date "2015.07.25"]
[Round "5"]
[White "Stoffel, Joao Ruivo"]
[Black "Dionizio, Andre Filipe Nascim"]
[Result "0-1"]
[WhiteElo "1622"]
[BlackElo "1924"]
[PlyCount "116"]
[EventDate "2015.07.22"]
[EventType "swiss"]
[EventRounds "7"]
[EventCountry "POR"]
[SourceTitle "EXT 2018"]
[Source "ChessBase"]
[SourceDate "2017.10.13"]
[SourceVersion "1"]
[SourceVersionDate "2017.10.13"]
[SourceQuality "1"]

1. d4 d5 2. Bf4 Bf5 3. Nf3 e6 4. e3 Nf6 5. c4 c6 6. Nc3 Qb6 7. Qc1 Ne4 8. a3 dxc4 9. Bxc4 Nd7 10. 0-0 Be7 11. Nd2 Ndf6 12. Kh1 Nxd2 13. Qxd2 Ne4 14. Nxe4 Bxe4 15. Rac1 Rd8 16. Rc3 Rd7 17. Rfc1 Bf6 18. Rb3 Qd8 19. Ba6 b6 20. Bd3 Bxd3 21. Rxd3 c5 22. Rc4 0-0 23. Bg3 Re8 24. e4 Be7 25. d5 b5 26. Rc1 c4 27. Re3 exd5 28. exd5 Rxd5 29. Qe1 Kf8 30. h3 Bf6 31. Qb4+ Be7 32. Qc3 Bc5 33. Rf3 Kg8 34. Qc2 Bd6 35. Qc3 Bxg3 36. Rxg3 g6 37. Re3 Rxe3 38. Qxe3 Rd1+ 39. Rxd1 Qxd1+ 40. Kh2 Qd6+ 41. Kh1 a6 42. Qa7 Kg7 43. Qe3 Qf6 44. Qd2 Qe5 45. Qc1 Qd4 46. Qc2 a5 47. Kg1 b4 48. axb4 axb4 49. Kf1 b3 50. Qc1 Qd3+ 51. Ke1 Kf6 52. Qd2 Qxd2+ 53. Kxd2 Ke5 54. Kc3 Kd5 55. f3 Kc5 56. f4 h5 57. g4 hxg4 58. hxg4 f5 0-1

[Event "POR-ch U16"]
[Site "Luso"]
[Date "2015.07.22"]
[Round "1"]
[White "Antunes, Ricardo Miguel Mais"]
[Black "Dionizio, Andre Filipe Nascim"]
[Result "0-1"]
[WhiteElo "1385"]
[BlackElo "1924"]
[PlyCount "115"]
[EventDate "2015.07.22"]
[EventType "swiss"]
[EventRounds "7"]
[EventCountry "POR"]
[SourceTitle "EXT 2018"]
[Source "ChessBase"]
[SourceDate "2017.10.13"]
[SourceVersion "1"]
[SourceVersionDate "2017.10.13"]
[SourceQuality "1"]

1. e4 c6 2. d4 d5 3. exd5 cxd5 4. Nf3 Bg4 5. g3 Nc6 6. Bg2 Nf6 7. 0-0 e6 8. c3 Bd6 9. Be3 0-0 10. Nbd2 Rc8 11. Qc2 h6 12. Rfe1 Bf5 13. Qd1 Na5 14. Ne5 Qb6 15. Nb3 Nc4 16. Bc1 Rfd8 17. Nxc4 Rxc4 18. Nd2 Rcc8 19. Qb3 Qc7 20. a3 a6 21. a4 b6 22. Nf3 Be4 23. Ne5 Bxg2 24. Kxg2 Bxe5 25. Rxe5 Nd7 26. Re1 Qc6 27. Bd2 Nf6 28. f3 Ne8 29. Bf4 Nd6 30. Bxd6 Qxd6 31. Rec1 Rd7 32. Qc2 Rdc7 33. Qd3 a5 34. Qb5 Rc6 35. Ra3 Rc4 36. Kg1 Rxd4 37. Raa1 Rdc4 38. Ra3 R4c5 39. Qd3 Rc4 40. Rd1 Qc6 41. Rb3 Rxa4 42. Rb5 Rc4 43. Rb3 Rd8 44. Rd2 Rc8 45. Rd1 a4 46. Ra3 b5 47. Rc1 b4 48. Raa1 bxc3 49. bxc3 a3 50. Rxa3 Qc5+ 51. Kg2 Qxa3 52. Rb1 Rxc3 53. Qf1 Qa2+ 54. Kh3 Rc2 55. Qg1 Rxh2+ 56. Qxh2 Qxb1 57. g4 Qe1 58. Qg1 0-1

[Event "POR-ch U16"]
[Site "Luso"]
[Date "2014.07.27"]
[Round "7"]
[White "Dionizio, Andre Filipe Nascim"]
[Black "Silva, Goncalo Nuno Neto"]
[Result "0-1"]
[WhiteElo "1650"]
[BlackElo "2000"]
[PlyCount "86"]
[EventDate "2014.07.23"]
[EventType "swiss"]
[EventRounds "7"]
[EventCountry "POR"]
[SourceTitle "EXT 2015"]
[Source "ChessBase"]
[SourceDate "2014.11.20"]
[SourceVersion "1"]
[SourceVersionDate "2014.11.20"]
[SourceQuality "1"]

1. e4 c5 2. Nf3 Nc6 3. d4 cxd4 4. Nxd4 g6 5. Nc3 Bg7 6. Be3 Nf6 7. Be2 0-0 8. Nb3 a5 9. 0-0 d6 10. h3 Be6 11. f4 a4 12. Nd2 a3 13. Rb1 axb2 14. Rxb2 Qa5 15. Ndb1 Nxe4 16. Nxe4 Bxb2 17. c3 Bf5 18. Bd3 Bxe4 19. Bxe4 Bxc3 20. Nxc3 Qxc3 21. Rf3 Rxa2 22. Kh2 Ra1 23. Qd5 Qa5 24. Qd3 Ra3 25. Qc2 Rc3 26. Qf2 Qa3 27. f5 Ne5 28. Rg3 Qa4 29. fxg6 hxg6 30. Bb1 Qd1 31. Be4 Rc4 32. Qf4 Qa4 33. Qh6 Rxe4 34. Bg5 Qd7 35. Bf4 Qf5 36. Bc1 Re2 37. Bf4 Rf2 38. Bxe5 Qxe5 39. h4 Rf4 40. Kg1 Qa1+ 41. Kh2 Rf1 42. Rg4 Rh1+ 43. Kg3 Qc3+ 0-1